000 00621nam a2200241Ia 4500
003 OSt
005 20221005114434.0
006 a|||||r|||| 00| 0
007 ta
008 221004b |||||||| |||| 00| 0 mal d
024 _a62163
037 _cTextual
040 _aCRL
_cCRL
_bmal
041 _2mal
_amal
082 _aLBx3,1, 32J5.1-.5
100 _aRamavarier Kaikulangara Au.
_9625973
245 0 _aAstanga Hridayam
260 _c1955
490 _vVol. 4
650 _aMEDICINE
942 _hLBx3,1, 32J5.1-.5
_cTEXL
_2cc
999 _c1031348
_d1031348